| 000 | 00625nam a2200217Ia 4500 | ||
|---|---|---|---|
| 008 | 160319s9999 xx 000 0 und d | ||
| 020 | _a971-23-3127-X | ||
| 050 | _aFIL LB 2846 | ||
| 050 | _b.A83 2001 c.1 | ||
| 100 | _aAsaad, Abubakar S. | ||
| 245 | _aStatistics as applied to education and other related fields / | ||
| 245 | _cAbubakar S. Asaad, Wilham M. Hailaya. | ||
| 260 | _aManila: | ||
| 260 | _bRex Book Store, Inc., | ||
| 260 | _c2001 | ||
| 300 | _a133 pages : | ||
| 300 | _billustrations ; | ||
| 300 | _c22 cm. | ||
| 500 | _aIncludes bibliographical references. | ||
| 650 | _aEducation -- Statistics. | ||
| 999 |
_c291854 _d291854 |
||